000 00228nam a22000857a 4500
008 170111b xxu||||| |||| 00| 0 eng d
100 _92306
_aSarin. S
245 _aEnvironmental Studies-4
260 _aNew Delhi
_bAngel publication
_c2006
999 _c5217
_d5217